Orchids of Borneo; vol. 1 : introduction and a selection of species

Bibliographic Details
Other Authors: Chan
Format: Book
Published: Kota Kinabalu, Sabah; Kew, England : Sabah Society; Royal Botanic Gardens , 1994
Subjects:

MARC

LEADER 00000cam a2200000 7i4500
001 0000002014
005 20060412.0
020 0 0 |a 9679994732 
090 0 0 |a R584.4095983   |b ORC 1994 
245 0 0 |a Orchids of Borneo; vol. 1 :   |b introduction and a selection of species   |c by C.L. Chan ... [et al.] 
260 0 0 |a Kota Kinabalu, Sabah; Kew, England :   |b Sabah Society; Royal Botanic Gardens ,   |c 1994 
300 |a xviii, 402 p. :   |b ill. (some col.), col. map ;   |c 27 cm. 
500 0 0 |a Includes bibliography : p. 312-314 and index 
650 0 0 |a Orchids   |z Borneo   |x Classification 
650 0 0 |a Orchids   |z Borneo   |x Identification 
700 0 1 |a Chan   |h C. L. 
998 |a JPSM 
999 |a 0000003321   |b Monograph   |c Reference   |e Default branch